Регионална библиотека "Любен Каравелов" - Русе

Никога не е късно да умреш (Запис номер 129559)

MARC детайли
000 -Лидер
Контролно поле с фиксирана дължина 01601nam a2200373 c 4500
003 - Код на организацията, давaща контролен номер
Контролно поле BLK
005 - Дата и час на последна редакция
Контролно поле 20250722100148.0
008 - Елементи от данни с фиксирана дължина
fixed length control field 180409b bul|||||r ||||||| ||bul||
010 ## - Наследен системен номер
LC control number KNG00135296000
020 ## - Международен стандартен номер на книга ISBN
Международен стандартен номер на книга ISBN 978-954-8186-89-6
-- издат.: Санома Блясък България
040 ## - Източник на каталожния запис
Идентификатор на билиотеката - собственик на записа BLK
041 ## - Код за език
Код за езика на текст/звукозапис или на отделно заглавие Български
Код за езика КДБФ Български
072 #7 - Код за тематичната категория
Код организация bullib
Код за тематична категория Н83
Текст Чужда художествена литература Н
080 ## - УДК
Текстов определител УДК Американска литература (на САЩ)
УДК код - определител по УДК 821.111(73)
УДК определител -312.4
УДК - код + определител 821.111(73)-312.4
100 1# - Редна дума - Автор
Автор Лоуел, Елизабет
Авторска отговорност първи автор
R(LIN) 89657
139 ## - Редно поле
Редна дума Лоуел, Елизабет
Авторски знак Лот - Л 84
245 10 - Сведения за заглавието
Заглавие Никога не е късно да умреш
Подзаглавни данни Роман
Редно поле (дума) Елизабет Лоуел; прев. Дори Генадиева Габровска.
250 ## - Област на изданието
Сведения за изданието 2. изд.
257 ## - Страна на издаване
Страна на създаване/издаване Съединени американски щати
260 ## - Област на издателските данни
-- София
Име на издателя, разпространителя и проч. Санома Блясък България
Година на издаване 2012
300 ## - Физическа характеристика
Страници 304 с.
Размери/Мащаб 20 см
380 ## - Жанр
Жанр Худож. лит.
490 1# - СЕРИИ (Колекции)
Име на серия Кралиците на трилъра
№: серия 8
500 ## - Общи забележки
Забележка 1. изд. 2007 на изд. Хермес. - Ориг. загл. Always Time to Die / Elizabeth Lowell. Разпространява се само със сп. Story сп. Блясък.
653 ## - Ключова дума – ненормативна
Ключова дума крими
659 ## - Тематичен бюлетин
Тематичен бюлетин Н
700 1# - Други автори (авторска отговорност)
Лично име Габровска, Дори Генадиева
Дати, свързани с автора 1969 -
Автороска отговорност (Описва отношението между автора и произведението) прев.
9 (RLIN) 50364
852 ## - Местоположение
Форматна сигнатура Цб 257118
856 4# - Електронен адрес и достъп
Електронен формат pdf - файл
Път до файла /url/
856 4# - Електронен адрес и достъп
Електронен формат pdf - файл
Път до файла /url/
942 ## - АРТИКУЛИ
Вид на библиотечния материал Книги
Скрит в OPAC Не
Koha issues (borrowed), all copies 20
944 ## - СЪЗДАВАНЕ И РЕДАКЦИЯ на ЗАПИСА
Създаване/Редакция Създаване
Дата на регистрацията/редакция 19.10.2012
Статус, дата на статуса Цветомила Тодорова
Служител, извършил регистрацията/редакцията 30576
944 ## - СЪЗДАВАНЕ И РЕДАКЦИЯ на ЗАПИСА
Създаване/Редакция Редакция
Дата на регистрацията/редакция 05.09.2014
Статус, дата на статуса ф /
Служител, извършил регистрацията/редакцията
999 ## - СИСТЕМНИ КОНТРОЛНИ НОМЕРА
Koha biblionumber 129559
Koha biblioitemnumber 129559
Наличности
Код за отписване Код за изгубен артикул Източник на класификационната схема Код за повреда Коз за рестрикции Код за отдаване Артикулен № Име на библиотеката - собственик Име на библиотеката, в която се намира в момента Статус (Текущо местоположение) Дата на вписване в системата Местоположение - отдел Цена в лева Инвентарен номер Систематично азбучна сигнатура Баркод Номер на екземпляра Цена в евро Служебна бележка Служебен тип на артикула
  Не е изгубен Universal Decimal Classification Не е повреден без рестрикции заемане за дома 210553 Регионална библиотека "Любен Каравелов" Русе Регионална библиотека "Любен Каравелов" Русе Заемна - подръчен фонд 2012-10-19 Заемна - подръчен фонд 9.99 120000760571 П 820(73)-31/Л 84 120000760571 1 5.11 Дост: DA Вид: А N: 19 Дата: 19.10.2012 Дата инв: 13.02.2018 Бележки инв: П2018 Книги
  Не е изгубен   Не е повреден без рестрикции ползва се в читалня 210554 Регионална библиотека "Любен Каравелов" Русе Регионална библиотека "Любен Каравелов" Русе Хранилище 2014-02-19 Хранилище 9.99 120000774678 Цб 257118 120000774678 2 5.11 Дост: Dp Вид: Д N: 6 Дата: 12.02.2013 Книги
Vip Innovations Ltd, Rousse, Bulgaria 2025